Деятельность КПСС по претворению в жизнь марксистско-ленинского учения о воспитании молодежи на революционных традициях : (Record no. 159395)
[ view plain ]
| 000 -LEADER | |
|---|---|
| fixed length control field | 01262nam a2200205 u 4500 |
| 001 - CONTROL NUMBER | |
| control field | 000417556 |
| 003 - CONTROL NUMBER IDENTIFIER | |
| control field | AM-YeHGA |
| 005 - DATE AND TIME OF LATEST TRANSACTION | |
| control field | 20250617133019.0 |
| 008 - FIXED-LENGTH DATA ELEMENTS--GENERAL INFORMATION | |
| fixed length control field | 050330s1974 ||||||||||||||||||||rus d |
| 040 ## - CATALOGING SOURCE | |
| Original cataloging agency | AM-YeHGA |
| 041 0# - LANGUAGE CODE | |
| Language code of text/sound track or separate title | rus |
| 090 ## - LOCALLY ASSIGNED LC-TYPE CALL NUMBER (OCLC); LOCAL CALL NUMBER (RLIN) | |
| -- | 160799 |
| 100 1# - MAIN ENTRY--PERSONAL NAME | |
| Personal name | Поляков, Владимир Васильевич. |
| 245 10 - TITLE STATEMENT | |
| Title | Деятельность КПСС по претворению в жизнь марксистско-ленинского учения о воспитании молодежи на революционных традициях : |
| Remainder of title | (в условиях развитого социализма) : Материалы для спецкурса / |
| Statement of responsibility, etc. | В.В. Поляков ; Науч. ред. Ф.В. Герасин и др. ; М-во просвещения РСФСР. Ульяновский гос. пед. ин-т им. И.Н. Ульянова. |
| 260 ## - PUBLICATION, DISTRIBUTION, ETC. | |
| Place of publication, distribution, etc. | Ульяновск : |
| Name of publisher, distributor, etc. | Ульяновского пед. ин-та, |
| Date of publication, distribution, etc. | 1974. |
| 300 ## - PHYSICAL DESCRIPTION | |
| Extent | 352 с. |
| 650 14 - SUBJECT ADDED ENTRY--TOPICAL TERM | |
| Topical term or geographic name entry element | История Коммунистической партии |
| 700 1# - ADDED ENTRY--PERSONAL NAME | |
| Personal name | Герасин, Ф.В. |
| Relator term | ред. |
| Relationship | edt |
| 710 2# - ADDED ENTRY--CORPORATE NAME | |
| Corporate name or jurisdiction name as entry element | Ульяновский государственный педагогический институт им. И.Н. Ульянова |
| Withdrawn status | Lost status | Damaged status | Not for loan | Collection | Home library | Current library | Date acquired | Total checkouts | Full call number | Barcode | Date last seen | Price effective from | Koha item type | Public note |
|---|---|---|---|---|---|---|---|---|---|---|---|---|---|---|
| General | Fundamental Scientific Library | Fundamental Scientific Library | 28/12/2016 | PII/348837 | FL0296182 | 28/12/2016 | 28/12/2016 | Գրքեր / Books | 30 Days Loan |
ՀՀ Գիտությունների ազգային ակադեմիայի հիմնարար գիտական գրադարան = Fundamental Scientific Library of NAS RA
All site content, except where otherwise noted, is licensed under a